Online Public Access Catalogue

Rosai & Ackermans Surgical Pathology (Record no. 7235)

MARC details
000 -LEADER
fixed length control field 00409nam a2200169Ia 4500
020 ## - INTERNATIONAL STANDARD BOOK NUMBER
International Standard Book Number 9788131229842
082 ## - DEWEY DECIMAL CLASSIFICATION NUMBER
Classification number 617.07
Author Mark ROS
Edition number 10 ed
100 ## - MAIN ENTRY--PERSONAL NAME
Author Name Rosai, Juan
245 #0 - TITLE STATEMENT
Title Rosai & Ackermans Surgical Pathology
Statement of responsibility, etc. Rosai, Juan
250 ## - EDITION STATEMENT
Edition statement 10 th
260 ## - PUBLICATION, DISTRIBUTION, ETC.
Date of publication, distribution, etc. 2011
Place of publication, distribution, etc. Elsevier
Name of publisher, distributor, etc. 2011
300 ## - PHYSICAL DESCRIPTION
No of Pages 1398
illustrations ill
Dimensions 25cm
440 ## - SERIES STATEMENT/ADDED ENTRY--TITLE
Volume/sequential designation vol 1
490 ## - SERIES STATEMENT
Volume/sequential designation 1
650 ## - SUBJECT ADDED ENTRY--TOPICAL TERM
Subject surgical pathology
942 ## - ADDED ENTRY ELEMENTS (KOHA)
Koha item type Books
Source of classification or shelving scheme
Edition 10th
952 ## - LOCATION AND ITEM INFORMATION (KOHA)
-- 2018-03-16
Holdings
Withdrawn status Lost status Source of classification or shelving scheme Damaged status Not for loan Home library Current library Shelving location Date acquired Total Checkouts Full call number Barcode Date last seen Koha item type
          Islamabad Medical and Dental College Islamabad Medical and Dental College Islamabad Medical and Dental College 16/03/2018   617.07 ROS 8996 16/03/2018 Books

Copyright @ IMDC Library
Islamabad Medical and Dental College
Bhara Kahu, Islamabad

  Contact the Librarian, IMDC
  Email:: library@imdcollege.edu.pk

  OPAC Customized by
  Mazhar Hussain,
  Librarian:
  Islamabad Medical and Dental College
  Email:: library@imdcollege.edu.pk